[Event "Hilversum op"]
[Site "Hilversum"]
[Date "2023.06.24"]
[Round "4"]
[White "Doolaard, Floris"]
[Black "Wunnink, Michael"]
[Result "1/2-1/2"]
[WhiteElo "2043"]
[BlackElo "2263"]
[PlyCount "80"]
[EventDate "2023.06.23"]
[EventType "swiss"]
[EventRounds "6"]
[EventCountry "NED"]
[SourceTitle "CBM 214 Extra"]
[Source "ChessBase"]
[SourceDate "2023.07.31"]
[SourceVersion "1"]
[SourceVersionDate "2023.07.31"]
[SourceQuality "1"]

1. e4 e6 2. d4 d5 3. e5 c5 4. c3 Ne7 5. Nf3 Nec6 6. Bd3 b6 7. Na3 Ba6 8. h4 Bxd3 9. Qxd3 Nd7 10. h5 h6 11. Rh3 a6 12. Nh4 b5 13. Nc2 b4 14. Kf1 Qb6 15. f4 Be7 16. f5 Bxh4 17. Rxh4 Qb5 18. Qxb5 axb5 19. fxe6 fxe6 20. dxc5 bxc3 21. bxc3 Nxc5 22. Nd4 Nxe5 23. Nxb5 0-0+ 24. Kg1 Nb3 25. Rb1 Nxc1 26. Rxc1 Rxa2 27. Rf1 Rxf1+ 28. Kxf1 Nc4 29. Rh3 e5 30. Nc7 d4 31. cxd4 exd4 32. g4 Ne3+ 33. Ke1 Ng2+ 34. Kd1 Ne3+ 35. Ke1 Kf7 36. Nb5 Nc2+ 37. Kd1 Ke6 38. Kc1 Ne3 39. Nxd4+ Kd5 40. Rxe3 Kxd4 1/2-1/2

[Event "BEL-chT 1920"]
[Site "Belgium"]
[Date "2019.12.01"]
[Round "5.3"]
[White "Zaragatski, Ilja"]
[Black "Wunnink, Michael"]
[Result "1/2-1/2"]
[WhiteElo "2489"]
[BlackElo "2276"]
[PlyCount "111"]
[EventDate "2019.09.29"]
[EventType "team-tourn"]
[EventRounds "11"]
[EventCountry "BEL"]
[SourceTitle "CBM 195 Extra"]
[Source "ChessBase"]
[SourceDate "2020.05.31"]
[SourceVersion "1"]
[SourceVersionDate "2020.05.31"]
[SourceQuality "1"]
[WhiteTeam "Echiquier Mosan"]
[BlackTeam "Jean Jaures Ghent"]
[WhiteTeamCountry "BEL"]
[BlackTeamCountry "BEL"]

1. c4 e6 2. g3 Nf6 3. Bg2 d5 4. Nf3 Be7 5. 0-0 0-0 6. b3 b6 7. cxd5 Nxd5 8. Bb2 Bb7 9. d4 c5 10. dxc5 Bxc5 11. a3 a5 12. Nbd2 Nd7 13. e4 N5f6 14. e5 Nd5 15. Qb1 Qe7 16. Ne4 h6 17. Nfd2 b5 18. Rc1 Rfc8 19. Nxc5 Nxc5 20. Bd4 Qg5 21. Nf3 Qe7 22. Nd2 Qg5 23. Nf3 Qe7 24. Ra2 Nb6 25. b4 Be4 26. Qb2 Nd3 27. Rxc8+ Rxc8 28. Qe2 Rc1+ 29. Bf1 Qb7 30. Nd2 Re1 31. Qg4 Bf5 32. Qf3 Nd5 33. Ra1 axb4 34. Rxe1 Nxe1 35. Qb3 Nc2 36. Bc5 bxa3 37. Bxa3 Nxa3 38. Qxa3 Qc7 39. Bxb5 Qxe5 40. Bf1 Kh7 41. Qc1 Nc3 42. Nc4 Ne2+ 43. Bxe2 Qxe2 44. Ne3 Be4 45. Qd1 Qxd1+ 46. Nxd1 e5 47. h4 Kg6 48. Ne3 f5 49. Nc4 Kf6 50. f4 exf4 51. gxf4 Ke6 52. Kf2 Kd5 53. Ne5 g5 54. hxg5 hxg5 55. Kg3 Kd4 56. Nf7 1/2-1/2

[Event "NED-chT 1920"]
[Site "Netherlands"]
[Date "2019.11.02"]
[Round "2.7"]
[White "Wempe, Joost"]
[Black "Wunnink, Michael"]
[Result "1/2-1/2"]
[WhiteElo "2275"]
[BlackElo "2276"]
[PlyCount "132"]
[EventDate "2019.09.28"]
[EventType "team-tourn"]
[EventRounds "9"]
[EventCountry "NED"]
[SourceTitle "CBM 193 Extra"]
[Source "ChessBase"]
[SourceDate "2020.01.31"]
[SourceVersion "1"]
[SourceVersionDate "2020.01.31"]
[SourceQuality "1"]
[WhiteTeam "Groningen Combinatie"]
[BlackTeam "Caissa"]
[WhiteTeamCountry "NED"]
[BlackTeamCountry "NED"]

1. d4 Nf6 2. c4 e6 3. g3 d5 4. Nf3 Be7 5. Bg2 0-0 6. 0-0 dxc4 7. Qa4 a6 8. Qxc4 b5 9. Qc2 Bb7 10. Bd2 Be4 11. Qc1 c6 12. Nc3 Bxf3 13. Bxf3 Qxd4 14. Be3 Qd8 15. a4 b4 16. Ne4 Nd5 17. Rd1 Nd7 18. Nc5 Ne5 19. Bg2 Ng4 20. Bd4 e5 21. e4 exd4 22. exd5 Nxf2 23. Kxf2 Bg5 24. Qc4 Be3+ 25. Ke2 cxd5 26. Qxd5 Qe7 27. Ne4 Rac8 28. Qb3 Kh8 29. Nd2 Rfe8 30. Kf1 Rc5 31. Bf3 Rf5 32. Kg2 Qf6 33. Qd3 g5 34. h3 Bxd2 35. Rxd2 Re3 36. Qxd4 Qxd4 37. Rxd4 Rfxf3 38. Rg4 h6 39. Rc1 a5 40. h4 f5 41. Rd4 Rxg3+ 42. Kf2 Rd3 43. Rxd3 Rxd3 44. hxg5 hxg5 45. Rc5 Kg7 46. Rxf5 Kg6 47. Rxa5 Rb3 48. Rb5 Kh5 49. a5 Kh4 50. a6 Rxb2+ 51. Ke3 b3 52. a7 Ra2 53. Rxb3 Rxa7 54. Kf2 g4 55. Kg2 Ra4 56. Rc3 Re4 57. Ra3 Re2+ 58. Kg1 Kg5 59. Ra5+ Kh4 60. Ra3 Rc2 61. Rb3 Rc4 62. Kg2 Ra4 63. Rc3 g3 64. Rc8 Ra2+ 65. Kg1 Ra4 66. Kg2 Ra2+ 1/2-1/2

[Event "Vlissingen HZ op 23rd"]
[Site "Vlissingen"]
[Date "2019.08.05"]
[Round "4"]
[White "Verbruggen, Samuel"]
[Black "Wunnink, Michael"]
[Result "0-1"]
[WhiteElo "1960"]
[BlackElo "2249"]
[PlyCount "58"]
[EventDate "2019.08.03"]
[EventType "swiss"]
[EventRounds "9"]
[EventCountry "NED"]
[SourceTitle "CBM 191 Extra"]
[Source "ChessBase"]
[SourceDate "2019.09.30"]
[SourceVersion "1"]
[SourceVersionDate "2019.09.30"]
[SourceQuality "1"]

1. e4 c5 2. Nf3 Nc6 3. d4 cxd4 4. Nxd4 e5 5. Nb5 d6 6. c4 Be7 7. N1c3 a6 8. Na3 Nf6 9. Bd3 0-0 10. 0-0 Bg4 11. Qe1 Nd7 12. Nc2 Bg5 13. Ne3 Be6 14. Ncd5 g6 15. b4 a5 16. b5 Nd4 17. f4 exf4 18. Nxf4 Ne5 19. Bb1 Ndf3+ 20. gxf3 Bxf4 21. Nd5 Qg5+ 22. Kf2 Bxc1 23. Qxc1 Qh4+ 24. Kg1 Rac8 25. Nb6 Rc5 26. Qd1 Nxc4 27. Nxc4 Rg5+ 28. Kh1 Bxc4 29. Bd3 Rh5 0-1

[Event "BEL-chT 1819"]
[Site "Belgium"]
[Date "2019.03.17"]
[Round "9.8"]
[White "Baete, Guy"]
[Black "Wunnink, Michael"]
[Result "0-1"]
[WhiteElo "1855"]
[BlackElo "2222"]
[PlyCount "54"]
[EventDate "2018.09.30"]
[EventType "team-tourn"]
[EventRounds "11"]
[EventCountry "BEL"]
[SourceTitle "CBM 189 Extra"]
[Source "ChessBase"]
[SourceDate "2019.06.03"]
[SourceVersion "1"]
[SourceVersionDate "2019.06.03"]
[SourceQuality "1"]
[WhiteTeam "Brasschaat"]
[BlackTeam "Jean Jaures"]
[WhiteTeamCountry "BEL"]
[BlackTeamCountry "BEL"]

1. d4 Nf6 2. Nf3 d5 3. e3 c5 4. b3 Nc6 5. Bd3 Bg4 6. Bb2 e6 7. 0-0 cxd4 8. exd4 Bd6 9. Nbd2 0-0 10. a3 Rc8 11. Qe1 Nd7 12. h3 Bh5 13. c4 Re8 14. c5 Bf4 15. Qb1 Bg6 16. Bxg6 hxg6 17. b4 e5 18. dxe5 Ncxe5 19. g3 Bh6 20. Nxe5 Nxe5 21. f4 Nc6 22. Re1 g5 23. Qf5 gxf4 24. gxf4 Qh4 25. Rf1 Qg3+ 26. Kh1 Re2 27. Qxc8+ Nd8 0-1

[Event "BEL-chT 1819"]
[Site "Belgium"]
[Date "2018.10.28"]
[Round "3.4"]
[White "Wunnink, Michael"]
[Black "Haub, Thorsten Michael"]
[Result "1-0"]
[WhiteElo "2222"]
[BlackElo "2417"]
[PlyCount "53"]
[EventDate "2018.09.30"]
[EventType "team-tourn"]
[EventRounds "11"]
[EventCountry "BEL"]
[SourceTitle "CBM 187 Extra"]
[Source "ChessBase"]
[SourceDate "2018.11.04"]
[SourceVersion "1"]
[SourceVersionDate "2018.11.04"]
[SourceQuality "1"]
[WhiteTeam "Jean Jaures"]
[BlackTeam "Wirtzfeld"]
[WhiteTeamCountry "BEL"]
[BlackTeamCountry "BEL"]

1. d4 g6 2. e4 Bg7 3. c4 d6 4. Nc3 Nd7 5. Nf3 e5 6. Be2 Ngf6 7. Be3 0-0 8. d5 a5 9. Nd2 Ne8 10. g4 Nc5 11. h4 f5 12. gxf5 gxf5 13. exf5 Bxf5 14. Nf1 Qd7 15. Ng3 Nf6 16. h5 h6 17. Qd2 Ng4 18. Bxc5 dxc5 19. Rg1 Nf6 20. Nxf5 Qxf5 21. Qxh6 Qxf2+ 22. Kd2 Rf7 23. Raf1 Qd4+ 24. Kc2 Ra6 25. Qg6 Kf8 26. h6 Bh8 27. Bh5 1-0

[Event "Bodensee op"]
[Site "Bregenz"]
[Date "2018.05.12"]
[Round "8"]
[White "Wunnink, Michael"]
[Black "Pruijssers, Roeland"]
[Result "0-1"]
[WhiteElo "2210"]
[BlackElo "2519"]
[PlyCount "96"]
[EventDate "2018.05.05"]
[EventType "swiss"]
[EventRounds "9"]
[EventCountry "AUT"]
[SourceTitle "CBM 184 Extra"]
[Source "ChessBase"]
[SourceDate "2018.06.28"]
[SourceVersion "1"]
[SourceVersionDate "2018.06.28"]
[SourceQuality "1"]

1. d4 f5 2. g3 Nf6 3. Bg2 e6 4. c4 c6 5. Qc2 d5 6. Nh3 Bd6 7. 0-0 0-0 8. Bf4 Be7 9. Nd2 h6 10. f3 c5 11. cxd5 cxd4 12. Bc7 Qxd5 13. Nf4 Qc6 14. Rfc1 Qxc2 15. Rxc2 Nc6 16. Nc4 d3 17. Nxd3 Nd5 18. Bd6 Bxd6 19. Nxd6 Ne3 20. Rc3 Nd4 21. Rc7 Rd8 22. Nf7 Rd7 23. Rxd7 Bxd7 24. Nd6 Bc6 25. Ne5 Rd8 26. Nxc6 bxc6 27. Nb7 Rb8 28. Nc5 Rxb2 29. Bf1 Nxf1 30. Kxf1 Rxe2 31. Rd1 Rc2 32. Rxd4 Rxc5 33. Ra4 a5 34. f4 Kf7 35. Ke2 g5 36. Ke3 e5 37. fxe5 Ke6 38. Rd4 Rxe5+ 39. Kf3 g4+ 40. Kf2 Rd5 41. Ra4 Rd2+ 42. Kg1 Rd1+ 43. Kf2 Rd2+ 44. Kg1 c5 45. Rxa5 Kd5 46. Ra8 Kd4 47. Rf8 c4 48. Rxf5 c3 0-1

[Event "Bodensee op"]
[Site "Bregenz"]
[Date "2018.05.09"]
[Round "5"]
[White "Weidel, Albrecht"]
[Black "Wunnink, Michael"]
[Result "1/2-1/2"]
[WhiteElo "2096"]
[BlackElo "2210"]
[PlyCount "77"]
[EventDate "2018.05.05"]
[EventType "swiss"]
[EventRounds "9"]
[EventCountry "AUT"]
[SourceTitle "CBM 184 Extra"]
[Source "ChessBase"]
[SourceDate "2018.06.28"]
[SourceVersion "1"]
[SourceVersionDate "2018.06.28"]
[SourceQuality "1"]

1. d4 Nf6 2. c4 e6 3. Nf3 d5 4. cxd5 exd5 5. Nc3 Bb4 6. Bg5 Qd6 7. Bxf6 Qxf6 8. Qa4+ Nc6 9. e3 0-0 10. Be2 Be6 11. 0-0 a6 12. Rac1 Rad8 13. Rfd1 Bd6 14. Qb3 Qh6 15. Qxb7 Nb4 16. a3 Rb8 17. Qa7 Ra8 18. Qxa8 Rxa8 19. axb4 Bxb4 20. Na4 Bd6 21. Nc5 Bc8 22. b4 Rb8 23. Rb1 g5 24. h3 Bf5 25. Nxa6 Rb6 26. Rbc1 g4 27. hxg4 Bxg4 28. Nc5 Rxb4 29. Nd3 Rb3 30. Nde5 Bf5 31. Bd3 Be4 32. Bxe4 dxe4 33. Nd2 Rb4 34. Ng4 Qe6 35. Nxe4 Kf8 36. Nxd6 Qxg4 37. Nxf7 Kxf7 38. Rxc7+ Ke8 39. Ra1 1/2-1/2

[Event "Vlissingen HZ op 19th"]
[Site "Vlissingen"]
[Date "2015.08.06"]
[Round "7"]
[White "Wunnink, Michael"]
[Black "Ducarmon, Renzo"]
[Result "1/2-1/2"]
[WhiteElo "2253"]
[BlackElo "2092"]
[PlyCount "55"]
[EventDate "2015.08.01"]
[EventType "swiss"]
[EventRounds "9"]
[EventCountry "NED"]
[SourceTitle "CBM 167 Extra"]
[Source "ChessBase"]
[SourceDate "2015.09.14"]
[SourceVersion "1"]
[SourceVersionDate "2015.09.14"]
[SourceQuality "1"]

1. d4 Nf6 2. c4 g6 3. Nc3 Bg7 4. e4 d6 5. Nf3 0-0 6. Be2 e5 7. Be3 h6 8. dxe5 dxe5 9. Nxe5 Nxe4 10. Nxe4 Bxe5 11. Bxh6 Qxd1+ 12. Rxd1 Re8 13. Bc1 Nc6 14. 0-0 Bxh2+ 15. Kxh2 Rxe4 16. Be3 Be6 17. b3 Ne5 18. Rd4 Ng4+ 19. Bxg4 Rxg4 20. Rd2 Kg7 21. Re1 Rh8+ 22. Kg1 Rgh4 23. Bd4+ f6 24. f3 Rh1+ 25. Kf2 Rxe1 26. Kxe1 b6 27. Be3 Kf7 28. Bf4 1/2-1/2

[Event "Hoogeveen Unive op 18th"]
[Site "Hoogeveen"]
[Date "2014.10.17"]
[Round "8"]
[White "Mellema, Andries"]
[Black "Wunnink, Michael"]
[Result "1-0"]
[WhiteElo "2136"]
[BlackElo "2286"]
[PlyCount "103"]
[EventDate "2014.10.11"]
[EventType "swiss"]
[EventRounds "9"]
[EventCountry "NED"]
[SourceTitle "EXT 2015"]
[Source "ChessBase"]
[SourceDate "2014.11.20"]
[SourceVersion "1"]
[SourceVersionDate "2014.11.20"]
[SourceQuality "1"]

1. e4 e5 2. Bc4 Nf6 3. d3 c6 4. Nf3 d5 5. Bb3 a5 6. a3 a4 7. Ba2 Bd6 8. 0-0 0-0 9. Nc3 Be6 10. exd5 cxd5 11. Bg5 Ra5 12. Re1 Nbd7 13. Qd2 Qc7 14. Qe2 Rc8 15. Bxf6 Nxf6 16. h3 h6 17. Rac1 Re8 18. Qf1 d4 19. Bxe6 dxc3 20. Ba2 cxb2 21. Rb1 Bxa3 22. Re2 Qc3 23. Nd2 b5 24. f4 Qd4+ 25. Kh1 Nh5 26. Qe1 Qxf4 27. Rf2 Raa8 28. Rxf4 exf4 29. Ne4 Ng3+ 30. Kh2 Rac8 31. Qd1 Nxe4 32. dxe4 Red8 33. Qh5 Rxc2 34. Qxf7+ Kh8 35. e5 Rdc8 36. Qg6 Rf2 37. Qd3 b4 38. Bd5 Rd8 39. Qd4 Rc2 40. Qxf4 Rc1 41. Be4 b3 42. Qf5 Kg8 43. Qe6+ Kh8 44. Qa6 Bc5 45. Qg6 Kg8 46. Rxb2 Bd4 47. Qe6+ Kh8 48. Rd2 Bg1+ 49. Kg3 Rc3+ 50. Kg4 Rdc8 51. Qg6 Kg8 52. Rd7 1-0

[Event "Hoogeveen Unive op 18th"]
[Site "Hoogeveen"]
[Date "2014.10.15"]
[Round "6"]
[White "Clemens, Adrian HP"]
[Black "Wunnink, Michael"]
[Result "1-0"]
[WhiteElo "2195"]
[BlackElo "2286"]
[PlyCount "71"]
[EventDate "2014.10.11"]
[EventType "swiss"]
[EventRounds "9"]
[EventCountry "NED"]
[SourceTitle "EXT 2015"]
[Source "ChessBase"]
[SourceDate "2014.11.20"]
[SourceVersion "1"]
[SourceVersionDate "2014.11.20"]
[SourceQuality "1"]

1. d4 d5 2. c4 c6 3. Nc3 Nf6 4. e3 a6 5. Qc2 g6 6. Bd3 Bg7 7. Nf3 0-0 8. 0-0 Bg4 9. Ne5 Be6 10. c5 Nbd7 11. Nxd7 Qxd7 12. Bd2 Ng4 13. b4 f6 14. f3 Nh6 15. Ne2 Bf7 16. Ng3 e5 17. Bc3 Rae8 18. Rfe1 Re7 19. Rab1 Rfe8 20. dxe5 fxe5 21. e4 Kh8 22. Bd2 Be6 23. Bg5 Rf7 24. exd5 cxd5 25. Bxh6 Bxh6 26. Rxe5 d4 27. Nf1 Bd5 28. Rxe8+ Qxe8 29. Qf2 Be3 30. Nxe3 dxe3 31. Qb2+ Kg8 32. Re1 Qe6 33. a3 g5 34. Qd4 Re7 35. Be4 Bc6 36. Qxe3 1-0

[Event "Hoogeveen Unive op 18th"]
[Site "Hoogeveen"]
[Date "2014.10.14"]
[Round "4"]
[White "Boer, Alef"]
[Black "Wunnink, Michael"]
[Result "1/2-1/2"]
[WhiteElo "2167"]
[BlackElo "2286"]
[PlyCount "37"]
[EventDate "2014.10.11"]
[EventType "swiss"]
[EventRounds "9"]
[EventCountry "NED"]
[SourceTitle "EXT 2015"]
[Source "ChessBase"]
[SourceDate "2014.11.20"]
[SourceVersion "1"]
[SourceVersionDate "2014.11.20"]
[SourceQuality "1"]

1. c4 e5 2. g3 Nc6 3. Bg2 g6 4. Nc3 Bg7 5. e3 h5 6. h4 d6 7. Nge2 Bg4 8. f3 Be6 9. b3 Nge7 10. e4 Qd7 11. d3 0-0 12. Be3 Nd4 13. Nd5 c6 14. Nxe7+ Qxe7 15. Nxd4 exd4 16. Bg5 Qd7 17. Qd2 d5 18. 0-0 a5 19. a4 1/2-1/2

[Event "Reykjavik op"]
[Site "Reykjavik"]
[Date "2014.03.11"]
[Round "9"]
[White "Wunnink, Michael"]
[Black "Schaefer, Reyk"]
[Result "1-0"]
[WhiteElo "2251"]
[BlackElo "2102"]
[PlyCount "45"]
[EventDate "2014.03.04"]
[EventType "swiss"]
[EventRounds "10"]
[EventCountry "ISL"]
[SourceTitle "CBM 159 Extra"]
[Source "ChessBase"]
[SourceDate "2014.04.24"]
[SourceVersion "1"]
[SourceVersionDate "2014.04.24"]
[SourceQuality "1"]

1. d4 Nf6 2. c4 g6 3. Nc3 d5 4. Nf3 Bg7 5. Qb3 dxc4 6. Qxc4 0-0 7. e4 a6 8. e5 b5 9. Qb3 Nfd7 10. Ng5 Nb6 11. Be3 h6 12. Nge4 Be6 13. Qd1 Nd5 14. Nxd5 Bxd5 15. Bd3 Nd7 16. Qd2 Kh7 17. h4 f5 18. exf6 exf6 19. h5 f5 20. Nc3 f4 21. Bxf4 Rxf4 22. Qxf4 Qe8+ 23. Kd2 1-0